Loading...
| Literature - World | 0 | 6 | 0 | 2 | 60 | 60 | 112.83 | 2 | 2 | 0.00 | 0.00 |
| Literature - European | 0 | 2 | 0 | 1 | 20 | 113 | 127.50 | 0 | 1 | 0.00 | 0.00 |
| Mythology | 0 | 2 | 0 | 1 | 20 | 91 | 118.50 | 1 | 1 | 0.00 | 0.00 |
| Literature - American | 0 | 2 | 0 | 0 | 20 | 42 | 67.50 | 1 | 2 | 0.00 | 0.00 |
| Current Events | 0 | 1 | 0 | 0 | 10 | 46 | 46.00 | 1 | 1 | 0.00 | 0.00 |
| Pop Culture | 0 | 1 | 0 | 1 | 10 | 133 | 133.00 | 0 | 0 | 0.00 | 0.00 |
| Fine Arts - Painting and Sculpture | 0 | 1 | 1 | 1 | 5 | 134 | 134.00 | 0 | 0 | 0.00 | 0.00 |
| Literature - British | 0 | 0 | 0 | 0 | 0 | 0.00 | 0 | 0 | 0.00 | 0.00 | |
| Fine Arts - Other | 0 | 0 | 1 | 0 | -5 | 0.00 | 0 | 0 | 0.00 | 0.00 | |
| Science - Other | 0 | 0 | 1 | 0 | -5 | 0.00 | 0 | 0 | 0.00 | 0.00 |